| 000 | 00000nam##2200000za#4500 |
| 001 | 9.699210 |
| 003 | CaOODSP |
| 005 | 20210625000258 |
| 007 | cr ||||||||||| |
| 008 | 150407|1996||||xxc|||||o f|0| 0 eng|d |
| 040 | |aCaOODSP|beng |
| 043 | |an-cn--- |
| 086 | 1 |aEn108-4/10-1996E-PDF |
| 110 | 1 |aCanada.|bCanadian Council of Ministers of the Environment. |
| 245 | 12|aA framework for ecological risk assessment : |h[electronic resource]|bgeneral guidance / |c[published by] the National Contaminated Sites Remediation Program. |
| 260 | |aWinnipeg - Manitoba : |bCanadian Council of Ministers of the Environment |c1996. |
| 300 | |a41p.|bfigs., glossary, references, tables |
| 590 | |a14-09-Supp|b2014-04-23 |
| 690 | 07|aPollution control|2gcpds |
| 690 | 07|aRisk management|2gcpds |
| 775 | 08|tCadre pour l'évaluation du risque écotoxicologique : |w(CaOODSP)9.643165 |
| 856 | 40|ahttp://publications.gc.ca|qPDF|s2.41 MB|uhttps://publications.gc.ca/collections/collection_2014/ec/En108-4-10-1996-eng.pdf |
| 986 | |aPN 1195 |